| Поле | Название | Значение |
| |
Тип записи |
a |
| |
Библиографический уровень |
m |
| 001 |
Контрольный номер |
2f711f7dedcd4e70b4d3aa11dd86a805 |
| 005 |
Дата корректировки |
20150518140555.2 |
| 010 |
Индекс ISBN |
__ |
| a |
ISBN |
978-5--09-86866-527-1 |
| d |
Цена |
298,00 |
| 101 |
Язык документа |
0_ |
| a |
Язык текста |
rus |
| 102 |
Страна публикации |
__ |
| a |
Страна публикации |
RU |
| 200 |
Заглавие и сведения об ответственности |
1_ |
| a |
Заглавие |
Английский язык |
| b |
Общее обозначение материала |
Текст |
| e |
Сведения, относящиеся к заглавию |
Учебник 10 класс |
| f |
Первые сведения об ответственности |
М. З. Биболетова |
| 205 |
Сведения об издании |
__ |
| a |
Основные сведения об издании |
2-е изд., испр. |
| 210 |
Выходные данные |
1_ |
| a |
Место издания |
Обнинск |
| c |
Издательство |
Титул |
| d |
Дата издания |
2010 |
| 215 |
Физическое описание |
__ |
| a |
Объем |
216с. |
| c |
Иллюстрации/тип воспроизводства |
ил. |
| 610 |
Ключевые слова |
0_ |
| a |
Ключевые слова |
Английский язык |
| 686 |
Индексы других классификаций |
__ |
| a |
Классификационный индекс |
81.2 Англ |
| 700 |
Автор |
_1 |
| a |
Фамилия |
Биболетова М. З. |
| 801 |
Источник записи |
_0 |
| a |
Страна |
RU |
| b |
Организация |
РУК |
| g |
Правила каталогизации |
PSBO |
| 801 |
Источник записи |
_1 |
| a |
Страна |
RU |
| b |
Организация |
РУК |
| g |
Правила каталогизации |
PSBO |
| 852 |
Данные о местонахождении |
__ |
| i |
Авторский знак |
Б 59 |
| j |
Шифр хранения |
81.2 Англ |
| b |
Сигла хранения |
УчФ |
| t |
Номер экземпляра |
1 |
| p |
Инвентарный номер |
180022796 |
| 901 |
Тип документа |
__ |
| t |
Тип документа |
m |
| 937 |
Технологическая информация |
__ |
| a |
Создатель записи (имя) |
Носкова |
| 938 |
Служебная информация |
__ |
| a |
Название организации |
Саранский филиал |
| 952 |
Тип литературы |
__ |
| b |
Гриф литературы для ВШ |
гриф МО |
| c |
Вид литературы |
учебник |